000
00307 a2200145 4500
001
48846
040
_c
Anchieta - Bela Vista
100
_a
Cunha, Leo
240
1
0
_a
Pela estrada afora
_l
por
245
1
0
_a
Pela estrada afora
300
_a
43
362
0
_a
1993
650
4
_a
Literatura juvenil
942
_c
BK
999
_c
48846
_d
48846